000 00357nam a2200133Ia 4500
008 220216s9999 xx 000 0 und d
100 _aHo K S
245 0 _aPrimary processing : Sawing and peeling of rubberwood
260 _bRubberwood: Processing and utilization
_c1994
300 _a61-84
650 _aRubberwood
700 _aAli Roslan
942 _cJS
999 _c65694
_d65694